College reading and study skills (Record no. 3655)

MARC details
000 -LEADER
fixed length control field 00420nam a22001577a 4500
008 - FIXED-LENGTH DATA ELEMENTS--GENERAL INFORMATION
fixed length control field 250524b |||||||| |||| 00| 0 eng d
020 ## - INTERNATIONAL STANDARD BOOK NUMBER
ISBN 0321104501
100 ## - MAIN ENTRY--AUTHOR
Author Mcwhoeter, Kathleen T.
245 ## - TITLE STATEMENT
Title College reading and study skills
250 ## - EDITION STATEMENT
Edition statement 9th
260 ## - PUBLICATION, DISTRIBUTION, ETC. (IMPRINT)
Place of publication New york
Name of publisher Pearson-longman
300 ## - COLLATION
Pagination xx, 506p.
650 ## - TRACINGS
Main Subject reading ( higher education )
Subdivision (1st) study skills
942 ## - ADDED ENTRY ELEMENTS (KOHA)
Item type Books
050 ## - LIBRARY OF CONGRESS CALL NUMBER
Classification number LB2395.3
Item number .M39
Holdings
Source of classification or shelving scheme Not for loan Permanent location Current location Date acquired Accession No. Full call number Barcode. Koha item type
Library of Congress Classification   Samuel Ogbemudia Main Library, University of Abuja Samuel Ogbemudia Main Library, University of Abuja 05/24/2025 2018/52074 LB2395.3.M39 2025-2150 Books